Arvaa Kuumaa-yhtyeen biisi - Statistics

Yleistilastot
  • Tätä visaa on pelattu 258 kertaa
  • Keskiarvotulos 13 / 20
Vastaustilastot
Sanat Kappale % Oikein
Kruuna vai klaava tai mikä vaan Ylivoimainen
91%
Oon ollu tosi surullinen, mutta tänään Luotan tulevaan
89%
Mä haluan kaiken / Susta ihan kaiken, vaikken en oo nukkunu tuntiikaan Tuhoaisti
85%
Sammutetaan valoi, mut hetkeksi jää Oo vielä sekunnin mun
83%
Meidän aika täällä on ohimenevää / Sä ja mä ei olla yhentekevää Kerran sadassa vuodessa
76%
Juoda kaljaa ja valvoa pitkään / Se on ainoo mitä mä haluun Anna mulle mitä vaan
71%
Sanotaan hei hei huolella ja päätetään et se on siin Hyvästejä ihanasti
71%
Meil kynttilät poltetaan molemmista päistä Huuda Lujempaa
69%
Mun vaistot käskee lähtee pois / Mut sä kiskot luokses vieläkin Täydellisin
67%
Hei etsä nää, että me paloimme loppuun / Paloimme kokonaan Eteisvalssi
65%
Taas sun päässä pimenee / Kun mä kerron en ehi yöksi kotiin Siks Kai Mä Oon Sun
64%
On 176 päivää / Kulunut siitä kun lähdit täältä Tarkotin sua
62%
Tytöt joil kukkaismekot on pääl Kuumaa
61%
Akku taas nollassa / En ehi ladata Romuna
58%
Me tanssittiin, kunnes me oltiin viimesii Suuren päivän ilta
57%
Tässä kun sua katselen / Meillä ei oo kiire minnekään Tuiki Tuiki
57%
Salainen hand shake ei tuu takaisin uudestaan Juna-asema
48%
Meil oli salainen handshake / Ja me näytettiin mänteilt Mikä Sua Ajaa
48%
Nää kadut taipuu sun ympärillä / Kaupunki näyttää sun takii niin tyhjältä Gold Digger
46%
Mä en tahtois valmiita lauseita tai lupauksii Älä Sano Sitä Vielä
43%
Ehtoja vastaavia visoja ei löytynyt
Tulosjakauma
Jokaisen tuloksen saaneiden osuus
Persentiili vastausten määrän mukaan
Tuloshistoriasi
Et ole pelannut tätä visaa